|
|
|
|
| LEADER |
00000cam a2200000 7i4500 |
| 001 |
0000003463 |
| 005 |
20220105103946.0 |
| 008 |
070718 |
| 020 |
|
|
|a 9833278035
|
| 090 |
0 |
0 |
|a JP
|b ANM MAL (3767)
|
| 245 |
0 |
0 |
|a Anak buaya tercekik tulang
|
| 260 |
|
|
|a Selangor :
|b Early Learner publications
|
| 440 |
|
0 |
|a Siri teladan anak-anak haiwan
|
| 500 |
|
|
|a Children age 4-6 years old (yellow)
|
| 650 |
|
0 |
|a Animal
|
| 650 |
|
0 |
|a Junior preschool
|x Malay
|x Languages
|
| 710 |
0 |
|
|a Title
|
| 999 |
|
|
|a 0000971106
|b Book
|c Children Collection
|e Cawangan Tmn. Ungku Tun Aminah
|
| 999 |
|
|
|a 0000971107
|b Book
|c Children Collection
|e Cawangan Tmn. Ungku Tun Aminah
|
| 999 |
|
|
|a 0000971108
|b Book
|c Children Collection
|e Perbadanan Perpustakaan Awam Johor
|
| 999 |
|
|
|a 0000971109
|b Book
|c Children Collection
|e Cawangan Tmn. Ungku Tun Aminah
|
| 999 |
|
|
|a 0000989369
|b Book
|c Children Collection
|e Cawangan Tmn. Ungku Tun Aminah
|
| 999 |
|
|
|a 0000989370
|b Book
|c Children Collection
|e Cawangan Bandar Penawar
|
| 999 |
|
|
|a 0000989371
|b Book
|c Children Collection
|e Cawangan Bukit Gambir
|
| 999 |
|
|
|a 0000989372
|b Book
|c Children Collection
|e Cawangan Tangkak
|